00727nam a22002057a 450000500170000001000150001702000270003203500140005903700140007308200090008710000290009624500450012525000060017026000450017627000920022130000200031394200200033399900190035395201490037220260127121259.0 aENG-147668 a9788194711018c1395.00 aEN-131200 bDBADaDPL 21aN aChristie, Agatha 986856 aThe Secret of Chimneys/cAgatha Christie a1 aNew DelhibJuggernaut Publicationsc2025 aF-3/16, Ansari Road, Darya GanjbNew Delhie110002k9310122101mjuggernautpub@gmail.com a234p.c22cm(hb) 2ddccENhNmCHR c214495d214495 001040708FICaMbMd2026-01-27eDelivery of Books Act Divisiong1395.00l0oN CHRpEN-131200r2026-01-27 00:00:00t1v1395.00w2026-01-27yEN